00292nam a2200109Ia 4500008004100000020001800041100002200059245005200081250001200133260002300145300001400168171205s9999 xx 000 0 und d a9780128042502 aSiegel, Andrew F. cAndrew F. SiegelaPractical Business Statistics a7th ed. bElsevier Incc2016 a622 pages